Responses for Show #8907 - Tuesday, July 4, 2023

Contestants

[<< previous game]

Chuck Beem, an HRIS analyst from Florissant, Missouri

Kate Campolieta, a corporate communications specialist from Simsbury, Connecticut

Elliott Kim, a television editor from Los Angeles, California (whose 1-day cash winnings total $24,400)

[next game >>]

Jeopardy! Round responses

HAPPY JULY 4th!
WORDS THAT END WITH DOUBLE LETTERS
LADY "A"
WHERE'S MY FOOD?
WESTMINSTER-WINNING DOG BREEDS
(Ken: All for Best in Show.)
A BIBLICAL BURIAL
    $200 1
West Point

Elliott
    $200 17
Herr

Elliott
    $200 10
Adele

Kate
    $200 21
Boston cream pie

Elliott
    $200 27
a Boxer

Chuck
    $200 15
John the Baptist

Chuck
    $400 2
the Statue of Liberty

Kate
    $400 18
boycott

Elliott
    $400 7
Amy Adams

Kate
    $400 24
(Chuck: What are waffles?)
(Ken: More specifically?)

Belgian waffles

Chuck
    $400 28
(Elliott: What is hound?)

Terrier

Elliott
Triple Stumper
    $400 16
Abraham

Kate
    $600 13
(Kate: What is 1959?)

1960

KateChuck
    $600 19
a whiff

Kate
    $600 8
Christina Applegate

Elliott
    $600 23
littleneck clams

Triple Stumper
    $600 29
(Chuck: What is the Greyhound?)
...
(Ken: Shout out to Devo there, you must [*].)

Whippet

Chuck
Triple Stumper
    $600 25
Judas

Chuck
    $800 11
the Philippines

Kate
    $800 20
(Ken: We love a rousing game of [*], don't we?)

broomball

Elliott
    $800 9
Arquette

Elliott
    $1,500 22
(Elliott: What is a baked Alaskan?)
(Ken: Oh, I'm sorry, Elliott. You were so close, but you added the "n" there. It's [*].)

a baked Alaska

Elliott
    $800 30
a Papillon

Kate
    $800 26
(Chuck: What is let the dead bury the dead?)
[Accepted as correct; incorrect after the break]

let the dead bury their dead

Chuck
Triple Stumper
    $1000 14
(Elliott: What is Air America?)

Radio Free Europe

Elliott
Triple Stumper
    $1000 12
toothless

Triple Stumper
    $1000 3
Paula Abdul

Kate
    $1000 4
Texas toast

Kate
    $1000 5
a Pekingese

Kate
    $1000 6
Absalom

Triple Stumper

Scores at the first commercial break (after clue 15):

Elliott Kate Chuck
$600 $4,200 $800

Scores at the end of the Jeopardy! Round:

Elliott Kate Chuck
$300 $6,000 $600

Double Jeopardy! Round responses

U.S. FESTIVALS
SCIENCE
LET'S GO TO THE SPORTS BOOK
WORLD RIVERS
FOREIGN WORDS & PHRASES
ART"S"
    $400 26
the running of the bulls in Pamplona

Triple Stumper
    $400 29
a chimpanzee (chimp)

Elliott
    $400 1
Moneyball

Elliott
    $400 7
the Bering

Chuck
    $400 19
derrière

Chuck
    $400 15
a still life

Chuck
    $800 21
(oyster) shucking

Elliott
    $800 30
the stratosphere

Triple Stumper
    $800 2
("Iron") Mike Tyson

Elliott
    $800 8
Scotland

Triple Stumper
    $800 18
namaste

Chuck
    $800 13
surrealism

Chuck
    $1200 24
zydeco

Chuck
    $1200 28
AB negative

Kate
    $1200 3
(Ken: Pistol Pete is right.)

Pete Maravich

Chuck
    $1200 6
the Euphrates

Kate
    $1200 12
hakuna matata

Kate
    $1200 14
(Kate: What is silkscreening?)

a stencil

Kate
Triple Stumper
    $500 25
(Chuck: What is Cornell?)
(Ken: No, I'm sorry, [*] is in New Hampshire; it's a little further north.)

Dartmouth

Chuck
    $1600 27
entropy

Triple Stumper
    $1600 4
(Elliott: What is Paper Lions?)

Paper Lion

ElliottKate
    $1600 9
Zambia & Zimbabwe

Kate
    $1600 11
salaam

Chuck
    $1,500 16
(Chuck: Who is Simpson?)

Gilbert Stuart

Chuck
    $2000 22
the Berkshires

Kate
    $2000 23
(Ken: That's [*] in the asteroid belt.)

Ceres

Triple Stumper
    $2000 5
Arthur Ashe

Kate
    $2000 10
(Kate: What is the Rhine?)
(Chuck: What is the Seine?)

the Rhône

KateChuck
Triple Stumper
    $2000 20
(Kate: What is ustedes?)
(Chuck: What is el mundo?)

todo el mundo

KateChuck
Triple Stumper
    $2000 17
John Singer Sargent

Triple Stumper

Scores at the end of the Double Jeopardy! Round:

Elliott Kate Chuck
$1,100 $11,600 $1,400
(lock game)

[wagering suggestions for these scores]

Final Jeopardy! Round responses

CLASSICAL MUSIC
(Ken: This royal was the Margrave of Brandenburg.)
ElliottWhat are?
$806
ChuckWhat is The Planet
$1,399
KateWhat are the four seasons?
$87
the Brandenburg Concertos

Final scores:

Elliott Kate Chuck
$294 $11,513 $1
2nd place: $2,000 New champion: $11,513 3rd place: $1,000

Game dynamics:

Coryat scores:

Elliott Kate Chuck
$2,600 $11,600 $3,400
11 R,
4 W
(including 1 DD)
17 R,
4 W
13 R,
6 W
(including 2 DDs)

Combined Coryat: $17,600

[game clues] [game scores] [suggest correction]

Game tape date: 2023-05-16
The J! Archive is created by fans, for fans. Scraping, republication, monetization, and malicious use prohibited; this site may use cookies and collect identifying information. See terms. The Jeopardy! game show and all elements thereof, including but not limited to copyright and trademark thereto, are the property of Jeopardy Productions, Inc. and are protected under law. This website is not affiliated with, sponsored by, or operated by Jeopardy Productions, Inc. Join the discussion at JBoard.tv.